Statistics for Types of dogs

Click here to take the quiz!

General Stats

  • This quiz has been taken 42 times
  • The average score is 9 of 15

Answer Stats

Answer% Correct
Pug
97%
Poodle
92%
Beagle
89%
Corgi
86%
Golden retriever
86%
Cocker spaniel
78%
Dalmatian
72%
Labrador
69%
Bulldog
61%
German sheperd
42%
Yorkie
39%
Bernese mountain dog
36%
Puggle
25%
Goldendoodle
14%
Kings charels
8%

Score Distribution

Percentile by Number Answered

Percent of People with Each Score

Your Score History

You have not taken this quiz